000 00656nam a2200253Ia 4500
003 OSt
005 20221006142936.0
006 a|||||r|||| 00| 0
007 ta
008 221006b |||||||| |||| 00| 0 eng d
020 _a9781850651352
_c919.45
024 _a7,604
037 _cTextual
040 _aEASL
_cEASL
_beng
041 _2eng
_aeng
082 _aY7.41.N92, N2
100 _aDikotter Frank
245 0 _aDiscourse of race in modern China
260 _aLondon
_bHurst & Company
_c1992
300 _a251p.
_ccm.
490 _v CEL
942 _hY7.41.N92, N2
_cTEXL
_2CC
999 _c1075690
_d1075690